| 000 | 01023nam a2200289 a 4500 | ||
|---|---|---|---|
| 001 | 000004799 | ||
| 003 | DO-SdBNP | ||
| 005 | 20251017124518.0 | ||
| 007 | ta | ||
| 008 | 090727s2003 dr 000 0 spa d | ||
| 020 | _a9993461547 | ||
| 040 |
_aDO-SdBNP _bspa _cBNPHU |
||
| 082 | 4 |
_a362.204 _bM524d _222 |
|
| 100 | 1 |
_aMella Mejías, César _d1950- _9210 |
|
| 245 | 1 | 0 |
_aDe psiquiatría y otras cosas. / _cCésar Mella Mejías ; prólogo Fernando Sánchez Martínez. |
| 260 |
_aSanto Domingo : _bBúho, _c2003. |
||
| 300 |
_a407 p. ; _c23 cm. |
||
| 500 | _aIncluye datos biográficos del autor en las solapas. | ||
| 500 | _aIncluye referencias bibliográficas y notas al pie de las páginas e índice | ||
| 590 | _aInventariado, 2018/ YL | ||
| 650 | 4 |
_aPsiquiatría social _zRepública Dominicana _913937 |
|
| 650 | 4 |
_aPromoción de la salud mental _913938 |
|
| 650 | 0 |
_aSalud mental _9803 |
|
| 700 | 1 |
_aSánchez Martínez, Fernando, _epról. _97183 |
|
| 910 | _aValidado. Control de calidad MFF | ||
| 942 |
_2ddc _cLBS1 |
||
| 999 |
_c4605 _d4605 |
||